| 000 | 00480nam a2200181Ia 4500 | ||
|---|---|---|---|
| 003 | OSt | ||
| 005 | 20230522144116.0 | ||
| 008 | 210423s2000 xx 000 0 und d | ||
| 040 | _cAL | ||
| 041 | _aeng | ||
| 082 |
_a294.3 _223 _bABBI |
||
| 100 |
_aABBOT (J). _9110334 |
||
| 245 | _aIndian ritual and beleif: keys of power. | ||
| 260 |
_aNew Delhi _bManohar Publications _c2000 |
||
| 365 |
_b750 _cINR |
||
| 906 | _abeleif: ; Indian ; keys ; power. ; ritual | ||
| 942 |
_2ddc _cBK |
||
| 999 |
_c172675 _d172675 |
||